Moments with Mark Twain /

Bibliographic Details
Main Author: Twain, Mark, 1835-1910
Other Authors: Paine, Albert Bigelow, 1861-1937
Format: Book
Language:English
Published: New York : Harper, [1920]

MARC

Tag First Indicator Second Indicator Subfields
LEADER 00000cam a2200000 4500
001 in00000080203
005 20151008060854.0
008 760609s1920 nyua 00010 engm
010 |a  20006374  
035 |a (OCoLC)02218446 
035 |9 AAJ6778AM 
040 |a DLC  |c BMC  |d m.c.  |d TXA  |d UtOrBLW 
049 |a TXAM  |c 1 [720106], 2 [460452] 
050 0 0 |a PS1303  |b  P3 1920 
100 1 |a Twain, Mark,  |d 1835-1910. 
245 1 0 |a Moments with Mark Twain /  |c selected by Albert Bigelow Paine. 
264 1 |a New York :  |b Harper,  |c [1920] 
264 4 |c [©1920] 
300 |a 296 pages :  |b illustrations ;  |c 20 cm. 
336 |a text  |b txt  |2 rdacontent 
337 |a unmediated  |b n  |2 rdamedia 
338 |a volume  |b nc  |2 rdacarrier 
700 1 |a Paine, Albert Bigelow,  |d 1861-1937. 
999 |a MARS 
999 f f |s f6bc93ef-690b-3de5-ac69-60085535790f  |i b7b102b8-bdc9-33b7-87dd-08c89d4e8ed7  |t 0 
952 f f |p ric  |a Texas A&M University  |b Rellis Campus  |c Joint Library Facility  |d Remote Storage  |t 0  |e PS1303 .P3 1920  |h Library of Congress classification  |i unmediated -- volume  |m A14804047580 
998 f f |a PS1303 .P3 1920  |t 0  |l Remote Storage